[Event "Vestlandsserien 2017-18 avd. nord"]
[Site "Hordaland"]
[Date "2017.11.05"]
[Round "1"]
[White "Kristoffersen, Arne Skodvin"]
[Black "Aasen, Fredrik"]
[Result "1-0"]
[WhiteElo "1771"]
[BlackElo "1573"]
[PlyCount "115"]
[EventDate "2017.??.??"]

1. d4 Nf6 2. c4 e5 3. dxe5 Ng4 4. Nf3 Nc6 5. Bf4 Bb4+ 6. Nbd2 Qe7 7. a3 Ncxe5
8. Nxe5 Nxe5 9. e3 Bc5 10. Be2 a6 11. O-O d6 12. b4 Ba7 13. Qc2 O-O 14. Rac1
Bg4 15. Bxg4 Nxg4 16. Ne4 Rfe8 17. Nc3 Nf6 18. Bg5 Qe5 19. Bxf6 Qxf6 20. Nd5
Qd8 21. Rfd1 c6 22. Nc3 Qe7 23. a4 Qh4 24. Qe2 Re5 25. Rxd6 Rae8 26. Rcd1 g6
27. g3 Qe7 28. c5 h5 29. Rd7 Qf6 30. Qc4 h4 31. Qxh4 Qxh4 32. gxh4 Bxc5 33.
bxc5 Rxc5 34. R1d3 b5 35. axb5 cxb5 36. Ra7 Rc6 37. Nd5 Kg7 38. Nb4 Rc4 39.
Nxa6 Rxh4 40. Rdd7 Rf8 41. Nc5 Kg8 42. Rab7 b4 43. Kg2 Rc4 44. Nd3 Re4 45. Nxb4
Rg4+ 46. Kf3 Rh4 47. Kg3 Rh5 48. h4 Rf5 49. Nd5 Re5 50. f4 Re6 51. Kf3 Ra6 52.
Nc3 Rc6 53. Ne4 Re6 54. Nd6 Rf6 55. e4 Ra8 56. Nxf7 Ra3+ 57. Kg4 Ra4 58. Nh6+
1-0

[Event "Vestlandsserien 2017-18 avd. nord"]
[Site "Hordaland"]
[Date "2017.11.05"]
[Round "1"]
[White "Aasen, Kjetil Myrlid"]
[Black "Eikeland, Erik"]
[Result "0-1"]
[WhiteElo "1814"]
[BlackElo "2228"]
[PlyCount "98"]
[EventDate "2017.??.??"]

1. e4 d6 2. d4 Nf6 3. Nc3 g6 4. Nf3 Bg7 5. Bc4 O-O 6. O-O c6 7. Bg5 Bg4 8. h3
Bxf3 9. Qxf3 Nbd7 10. Rad1 Qa5 11. Qe3 Rfe8 12. Bh6 Bh8 13. f4 d5 14. Bb3 dxe4
15. Nxe4 Nxe4 16. Qxe4 e6 17. Bg5 Nb6 18. Qe1 Qb5 19. Qh4 a5 20. a4 Qf5 21. g4
Qe4 22. Rfe1 Bxd4+ 23. Kh2 Be3 24. Qg3 Nd5 25. f5 exf5 26. gxf5 Bf4 27. Bxf4
Qxf4 28. Qxf4 Nxf4 29. fxg6 Nxg6 30. Rxe8+ Rxe8 31. Rd7 Re7 32. Rd8+ Kg7 33.
Ra8 f5 34. Rxa5 Kf6 35. Rc5 Re2+ 36. Kg3 h5 37. Rc3 h4+ 38. Kf3 Rh2 39. Rc5
Rxh3+ 40. Kf2 Ne5 41. a5 Ng4+ 42. Kf1 Rf3+ 43. Ke2 Rf2+ 44. Kd3 h3 45. a6 h2
46. Bd5 cxd5 47. axb7 h1=Q 48. Rc6+ Kg5 49. b8=Q Qe4+
0-1

[Event "Vestlandsserien 2017-18 avd. nord"]
[Site "Hordaland"]
[Date "2017.11.05"]
[Round "1"]
[White "Ayzenberg, Alena"]
[Black "Rasmussen, Jonas H"]
[Result "1/2-1/2"]
[WhiteElo "1919"]
[BlackElo "1835"]
[PlyCount "127"]
[EventDate "2017.??.??"]

1. d4 Nf6 2. Nf3 g6 3. g3 Bg7 4. Bg2 O-O 5. O-O d6 6. c4 Nbd7 7. Nc3 c5 8. e4
a6 9. Rb1 cxd4 10. Nxd4 Ne5 11. b3 Nfd7 12. f4 Nc6 13. Nxc6 bxc6 14. Na4 Nb6
15. Nb2 Bb7 16. Be3 c5 17. Qd3 Nd7 18. Nd1 Nf6 19. b4 cxb4 20. Rxb4 Bc6 21. Bb6
Qd7 22. Ne3 Rfb8 23. Rbb1 Rb7 24. Bd4 Rab8 25. Rfd1 Ng4 26. Rxb7 Rxb7 27. Bxg7
Nxe3 28. Qxe3 Kxg7 29. c5 Qe6 30. cxd6 Kg8 31. dxe7 Rxe7 32. Rd8+ Re8 33. Rxe8+
Bxe8 34. Qb3 Qd6 35. Qb2 Qd1+ 36. Kf2 Bb5 37. h3 Qd3 38. g4 Qd6 39. Kg3 Qd3+
40. Kf2 Qd6 41. Kg3 Qd3+ 42. Bf3 Qe3 43. Qf2 Qc1 44. e5 Bc6 45. Bxc6 Qxc6 46.
Qe3 a5 47. f5 Qc7 48. f6 Qc6 49. Qd4 Qc8 50. Qd2 Qc7 51. Qd4 h6 52. a4 Kh7 53.
h4 Kg8 54. h5 g5 55. Kf3 Qc6+ 56. Ke3 Qc7 57. Ke4 Qc6+ 58. Kd3 Qf3+ 59. Kc4
Qc6+ 60. Kd3 Qf3+ 61. Kd2 Qg2+ 62. Ke3 Qg3+ 63. Kd2 Qg2+ 64. Ke3
1/2-1/2

[Event "Vestlandsserien 2017-18 avd. nord"]
[Site "Hordaland"]
[Date "2017.11.05"]
[Round "1"]
[White "Berstad, Jørund"]
[Black "Sørensen, Kristian"]
[Result "0-1"]
[WhiteElo "1812"]
[BlackElo "2110"]
[PlyCount "64"]
[EventDate "2017.??.??"]

1. d4 d5 2. Nf3 c6 3. Bf4 Bf5 4. e3 e6 5. Bd3 Bxd3 6. Qxd3 Nf6 7. Nbd2 Nbd7 8.
O-O Nh5 9. Bg5 f6 10. Bh4 g5 11. Bg3 Nxg3 12. fxg3 f5 13. g4 fxg4 14. Ne1 Bd6
15. e4 Qe7 16. c4 O-O-O 17. Nc2 Bc7 18. Ne3 dxc4 19. Qxc4 Nb6 20. Qc3 Qd6 21.
Nxg4 h5 22. Ne5 Qxd4+ 23. Qxd4 Rxd4 24. Nf7 Rg8 25. Nf3 Rxe4 26. N7xg5 Rg4 27.
Rae1 e5 28. h4 Nd5 29. Nxe5 Rxh4 30. Rf5 Bb6+ 31. Kf1 Ne3+ 32. Rxe3 Bxe3
0-1

[Event "Vestlandsserien 2017-18 avd. nord"]
[Site "Hordaland"]
[Date "2017.11.05"]
[Round "1"]
[White "Birkestrand, Odd"]
[Black "Brekke, Tore"]
[Result "1/2-1/2"]
[WhiteElo "1645"]
[BlackElo "1990"]
[PlyCount "49"]
[EventDate "2017.??.??"]

1. e4 g6 2. d4 Bg7 3. Nc3 d6 4. f4 Nc6 5. d5 Nb4 6. a3 Na6 7. Bxa6 bxa6 8. Qd3
Nf6 9. Nf3 O-O 10. O-O e6 11. Nd4 exd5 12. exd5 Bb7 13. Nf3 Qd7 14. Rd1 Rfe8
15. Bd2 c6 16. dxc6 Qxc6 17. h3 Ne4 18. Nxe4 Rxe4 19. c3 Rae8 20. Re1 f5 21.
Be3 h6 22. Kf2 Kh7 23. Rad1 R8e6 24. Bxa7 a5 25. Be3
1/2-1/2

[Event "Vestlandsserien 2017-18 avd. nord"]
[Site "Hordaland"]
[Date "2017.11.05"]
[Round "1"]
[White "Larsen, Tor Kristian"]
[Black "Grønnestad, Anita"]
[Result "1-0"]
[WhiteElo "2019"]
[BlackElo "1962"]
[PlyCount "85"]
[EventDate "2017.??.??"]

1. Nf3 d5 2. d4 Nf6 3. c4 e6 4. Nc3 Be7 5. Bg5 O-O 6. e3 Nbd7 7. Bd3 dxc4 8.
Bxc4 a6 9. O-O b5 10. Be2 Bb7 11. a4 b4 12. Nb1 c5 13. a5 Ra7 14. Nbd2 cxd4 15.
Nxd4 Ne5 16. Bf4 Qd5 17. f3 Rd8 18. Rc1 Ba8 19. N2b3 Ng6 20. Bc7 Rxc7 21. Rxc7
Bd6 22. Qc1 Bxc7 23. Qxc7 e5 24. Nf5 Rd7 25. Qc8+ Rd8 26. Qc7 Rd7 27. Qb8+ Rd8
28. Qxb4 Qe6 29. Qb6 Rc8 30. Qxe6 fxe6 31. Nd6 Rc6 32. Nc4 Nd5 33. Rd1 Rc8 34.
Kf2 Bc6 35. Nd6 Rb8 36. Bc4 Rd8 37. Ne4 Ba4 38. Nec5 Rc8 39. Bxd5 exd5 40. Nxa4
Rc4 41. Nac5 Ne7 42. Nxa6 Rc2+ 43. Rd2
1-0

[Event "Vestlandsserien 2017-18 avd. nord"]
[Site "Hordaland"]
[Date "2017.11.05"]
[Round "1"]
[White "Moe-Nilssen, Nils Erik"]
[Black "Haugsdal, Arn-Tore"]
[Result "1-0"]
[WhiteElo "2124"]
[BlackElo "2028"]
[PlyCount "59"]
[EventDate "2017.??.??"]

1. d4 Nf6 2. Bf4 c5 3. e3 Qb6 4. b3 Nc6 5. d5 Nb4 6. c4 Nfxd5 7. cxd5 Qf6 8. a3
Qxa1 9. axb4 g5 10. Bxg5 Rg8 11. Nf3 Bg7 12. Bd3 b6 13. O-O Bb7 14. bxc5 bxc5
15. Bxh7 Rh8 16. Be4 Be5 17. Nbd2 Qxd1 18. Rxd1 Bc3 19. d6 f6 20. Bxb7 Rb8 21.
Bf4 Rxb7 22. Ne4 Rxb3 23. dxe7 Rh5 24. g4 Rh7 25. Bd6 Rg7 26. Nxc5 Rb6 27. Nxd7
Rxg4+ 28. Kf1 Rc6 29. Ba3 Ra4 30. Nxf6+
1-0

[Event "Vestlandsserien 2017-18 avd. nord"]
[Site "Hordaland"]
[Date "2017.11.05"]
[Round "1"]
[White "Martinsen, Stig K."]
[Black "Hersvik, Daniel"]
[Result "1-0"]
[WhiteElo "2214"]
[BlackElo "2222"]
[PlyCount "49"]
[EventDate "2017.??.??"]

1. d4 g6 2. e4 Bg7 3. Nf3 c5 4. d5 d6 5. Be2 Nf6 6. Nc3 O-O 7. O-O a6 8. a4 b6
9. h3 Qc7 10. Bf4 Nbd7 11. Re1 Ne5 12. Nd2 e6 13. dxe6 Bxe6 14. Nf3 Rfd8 15.
Qd2 Nfd7 16. Ng5 Qc6 17. Nxe6 fxe6 18. Rad1 Nf8 19. Be3 Ra7 20. f4 Nf7 21. Bc4
Bxc3 22. Qxc3 Qxa4 23. f5 exf5 24. Bh6 d5 25. Qg7#
1-0

[Event "Vestlandsserien 2017-18 avd. nord"]
[Site "Hordaland"]
[Date "2017.11.05"]
[Round "1"]
[White "Hølleland, Sigve"]
[Black "Manne, Per Erik"]
[Result "0-1"]
[WhiteElo "2067"]
[BlackElo "2128"]
[PlyCount "120"]
[EventDate "2017.??.??"]

1. c4 Nf6 2. Nc3 e6 3. g3 d5 4. d4 Be7 5. Bg2 O-O 6. Nf3 dxc4 7. O-O Nc6 8. e4
a6 9. a4 Rb8 10. a5 Bb4 11. Bg5 h6 12. Bh4 Be7 13. e5 Nd5 14. Bxe7 Qxe7 15. Ra4
Rd8 16. Re1 Ncb4 17. Qe2 Bd7 18. Raa1 Bb5 19. Red1 Rd7 20. Ne1 Rbd8 21. Be4 c5
22. Qf3 cxd4 23. Rxd4 Nxc3 24. Rxd7 Ne2+ 25. Qxe2 Qxd7 26. Qf3 Bc6 27. Ng2 Qd4
28. Bxc6 Nxc6 29. Rb1 Qxe5 30. Ne3 Nxa5 31. Qg4 Rd4 32. Qe2 Nb3 33. Re1 b5 34.
Qf1 Qd6 35. Qg2 Nc5 36. Ra1 g6 37. h4 h5 38. g4 hxg4 39. Nxg4 Rd1+ 40. Rxd1
Qxd1+ 41. Kh2 Qd6+ 42. Kg1 Kf8 43. Qf3 Qd5 44. Qf4 Nd3 45. Qf6 Qf5 46. Qh8+ Ke7
47. Nh6 Qxf2+ 48. Kh1 Qxh4+ 49. Kg2 Qe4+ 50. Kh3 Qe5 51. Ng8+ Kd6 52. Nf6 Nf4+
53. Kh4 g5+ 54. Kg4 Qf5+ 55. Kg3 Qxf6 56. Qb8+ Ke7 57. Qb7+ Kf8 58. Qxa6 Nh5+
59. Kg2 Qxb2+ 60. Kg1 Nf4
0-1

[Event "Vestlandsserien 2017-18 avd. nord"]
[Site "Hordaland"]
[Date "2017.11.05"]
[Round "1"]
[White "Kvamme, Ole F."]
[Black "Opsal, Ole Magne"]
[Result "1-0"]
[WhiteElo "2038"]
[BlackElo "1728"]
[PlyCount "71"]
[EventDate "2017.??.??"]

1. c4 g6 2. g3 Bg7 3. Bg2 c5 4. Nc3 Nc6 5. e4 e5 6. Nge2 d6 7. d3 Be6 8. O-O
Qd7 9. Nd5 Nge7 10. Bh6 O-O 11. Qd2 Bg4 12. f3 Bh3 13. Bxg7 Kxg7 14. f4 Bxg2
15. Kxg2 f5 16. Rf2 Rf7 17. Raf1 Raf8 18. a3 Nd4 19. fxe5 Nxd5 20. Nxd4 cxd4
21. cxd5 dxe5 22. Qa5 b6 23. Qb4 Rf6 24. h3 g5 25. Rxf5 Rxf5 26. Rxf5 Rxf5 27.
exf5 Qxd5+ 28. Kf2 Kf7 29. Qc4 Qxc4 30. dxc4 h5 31. g4 hxg4 32. hxg4 e4 33. b4
a5 34. bxa5 bxa5 35. c5 Ke7 36. c6
1-0

[Event "Vestlandsserien 2017-18 avd. nord"]
[Site "Hordaland"]
[Date "2017.11.05"]
[Round "1"]
[White "Larsen, Stig Børje"]
[Black "Solli, Jarle"]
[Result "1-0"]
[WhiteElo "1885"]
[BlackElo "1765"]
[PlyCount "109"]
[EventDate "2017.??.??"]

1. e4 e5 2. Nf3 Nc6 3. Bc4 Nf6 4. d3 h6 5. c3 Bc5 6. Bb3 O-O 7. O-O d6 8. Nbd2
Bg4 9. h3 Be6 10. Qe2 Bxb3 11. axb3 Re8 12. b4 Bb6 13. Nc4 Ne7 14. Nh4 Nh7 15.
Ne3 Bxe3 16. Bxe3 a6 17. Qg4 g5 18. Qg3 Kh8 19. Nf5 Nxf5 20. exf5 Rg8 21. Qf3
c6 22. d4 f6 23. dxe5 fxe5 24. Rad1 Qf6 25. g4 Rad8 26. Bb6 Rd7 27. Rfe1 Qf7
28. Rd2 Nf6 29. Red1 Nd5 30. Be3 Re8 31. Kg2 e4 32. Qg3 Nxe3+ 33. Qxe3 d5 34.
h4 Qf6 35. hxg5 Qxg5 36. Qxg5 hxg5 37. Rh1+ Rh7 38. Rxh7+ Kxh7 39. Re2 Kg7 40.
f3 Kf6 41. Kf2 b6 42. fxe4 dxe4 43. Ke3 Ke5 44. Rf2 Kf6 45. Rh2 Ke5 46. Rh6 Rd8
47. Re6+ Kd5 48. Rxe4 c5 49. c4+ Kc6 50. Re6+ Kc7 51. bxc5 bxc5 52. Rg6 Rd4 53.
Rxg5 Rxc4 54. f6 Kd6 55. Rf5
1-0

[Event "Vestlandsserien 2017-18 avd. nord"]
[Site "Hordaland"]
[Date "2017.11.05"]
[Round "1"]
[White "Polo, Jose Harald"]
[Black "Sandal, Eirik"]
[Result "1-0"]
[WhiteElo "1742"]
[BlackElo "2073"]
[PlyCount "65"]
[EventDate "2017.??.??"]

1. e3 g6 2. f4 Bg7 3. Nf3 d6 4. Bc4 c5 5. O-O Nc6 6. a4 e6 7. d3 Nge7 8. c3 O-O
9. e4 a6 10. Be3 Rb8 11. Nbd2 b5 12. axb5 axb5 13. Bb3 b4 14. d4 bxc3 15. bxc3
cxd4 16. cxd4 Rb4 17. Ra4 Rxa4 18. Bxa4 Ba6 19. Re1 d5 20. e5 Nb4 21. Nb3 Nd3
22. Re2 Nf5 23. Qd2 Nxe3 24. Rxe3 Nxf4 25. g3 Nh3+ 26. Kg2 Ng5 27. Nc5 Ne4 28.
Qb4 Nxc5 29. dxc5 Qb8 30. Qb6 Bc4 31. Bc6 Rc8 32. Ra3 Bxe5 33. Ra8
1-0

[Event "Vestlandsserien 2017-18 avd. nord"]
[Site "Hordaland"]
[Date "2017.11.05"]
[Round "1"]
[White "Sviland, Atle"]
[Black "Tufta, Jon Gunnar"]
[Result "1/2-1/2"]
[WhiteElo "1808"]
[BlackElo "1844"]
[PlyCount "64"]
[EventDate "2017.??.??"]

1. Nf3 b6 2. g3 Bb7 3. Bg2 g6 4. O-O Bg7 5. c4 e6 6. Nc3 Ne7 7. d4 O-O 8. e4 f5
9. e5 d6 10. Bf4 h6 11. exd6 cxd6 12. Nb5 Nc8 13. Re1 Re8 14. h4 a6 15. Nc3 Nd7
16. Qd2 Kh7 17. Re2 e5 18. dxe5 dxe5 19. Nxe5 Bxg2 20. Kxg2 Nxe5 21. Qxd8 Rxd8
22. Bxe5 Bf8 23. Nd5 Ra7 24. Rd1 Bg7 25. Rde1 b5 26. b3 bxc4 27. bxc4 Nd6 28.
Bxg7 Kxg7 29. Re7+ Rxe7 30. Rxe7+ Kf8 31. Ra7 Nxc4 32. Nf4 Rd6
1/2-1/2

[Event "Vestlandsserien 2017-18 avd. nord"]
[Site "Hordaland"]
[Date "2017.12.03"]
[Round "2"]
[White "Ayzenberg, Alena"]
[Black "Kvamme, John A"]
[Result "0-1"]
[WhiteElo "1919"]
[BlackElo "2088"]
[PlyCount "109"]
[EventDate "2017.??.??"]

1. d4 Nf6 2. Nf3 g6 3. c4 c5 4. e3 Bg7 5. Nc3 O-O 6. Be2 cxd4 7. Nxd4 Nc6 8.
Nc2 d6 9. O-O Be6 10. e4 Rc8 11. b3 Na5 12. Bd2 b5 13. cxb5 d5 14. e5 Ne4 15.
Nxe4 dxe4 16. Rc1 Bxe5 17. Ne3 Qb6 18. b4 Nb7 19. Qa4 Rfd8 20. Rxc8 Rxc8 21.
Rc1 Rxc1+ 22. Bxc1 Bd4 23. Qa6 Qc7 24. Qc6 Bb6 25. Bc4 Nd6 26. Bxe6 fxe6 27. a4
Qxc6 28. bxc6 a6 29. Ng4 Kf8 30. Ne5 Ke8 31. Be3 Bxe3 32. fxe3 Kd8 33. Kf2 Kc7
34. g4 Nc8 35. h4 Nb6 36. Nxg6 hxg6 37. h5 gxh5 38. gxh5 Nc4 39. b5 Ne5 40. Kg3
Nf7 41. Kf4 axb5 42. axb5 Kd6 43. Kxe4 Nh6 44. Kd3 Ng4 45. e4 e5 46. Kc4 Kc7
47. Kc5 Nf6 48. b6+ Kc8 49. h6 Nxe4+ 50. Kd5 Nf6+ 51. Kxe5 Ng4+ 52. Ke6 Nxh6
53. b7+ Kc7 54. b8=Q+ Kxb8 55. Kd7
0-1

[Event "Vestlandsserien 2017-18 avd. nord"]
[Site "Hordaland"]
[Date "2017.12.03"]
[Round "2"]
[White "Eikeland, Erik"]
[Black "Agustsson, Hafsteinn"]
[Result "1-0"]
[WhiteElo "2228"]
[BlackElo "1893"]
[PlyCount "87"]
[EventDate "2017.??.??"]

1. d4 d5 2. c4 e6 3. Nf3 Nf6 4. e3 Be7 5. b3 O-O 6. Qc2 b6 7. Bd3 c5 8. cxd5
exd5 9. O-O Nc6 10. Ba3 Nb4 11. Bxb4 cxb4 12. Nbd2 Bb7 13. Rac1 Bd6 14. Ne5 Rc8
15. Qb1 Qe7 16. f4 Kh8 17. Rce1 Ne4 18. Nxe4 dxe4 19. Be2 f6 20. Nc4 Bc7 21.
Rc1 b5 22. Nd2 a6 23. Rc2 f5 24. Rfc1 Bd6 25. Rxc8 Rxc8 26. Rxc8+ Bxc8 27. Qc2
Qc7 28. Qxc7 Bxc7 29. g4 g6 30. gxf5 gxf5 31. Bf1 Kg7 32. Bh3 Be6 33. Nxe4 Bxb3
34. axb3 fxe4 35. Bd7 Kf6 36. Kf2 h6 37. Kg3 Ke7 38. Bc6 Kd6 39. Bxe4 a5 40.
Bc2 Kd5 41. Kg4 Bd6 42. Kf5 Bc7 43. h4 Bd6 44. Be4#
1-0

[Event "Vestlandsserien 2017-18 avd. nord"]
[Site "Hordaland"]
[Date "2017.12.03"]
[Round "2"]
[White "Sævareid, Ove"]
[Black "Grønnestad, Anita"]
[Result "1-0"]
[WhiteElo "2166"]
[BlackElo "1962"]
[PlyCount "73"]
[EventDate "2017.??.??"]

1. c4 c5 2. g3 Nc6 3. Bg2 g6 4. Nf3 Bg7 5. O-O e6 6. Nc3 Nge7 7. d3 d5 8. cxd5
exd5 9. Bf4 a6 10. Qc1 Be6 11. Ng5 O-O 12. e4 Nd4 13. Nxe6 fxe6 14. Bh6 b5 15.
Bxg7 Kxg7 16. Kh1 b4 17. Na4 Rc8 18. exd5 exd5 19. Qe3 Qd6 20. Rae1 Nec6 21.
Qc1 Ne5 22. Qd1 h5 23. f4 Ng4 24. h3 Nf6 25. Re5 Rce8 26. Rfe1 Nf5 27. Kh2 Qc6
28. b3 h4 29. g4 Nd4 30. Qc1 Rxe5 31. Rxe5 Ne6 32. g5 Nxf4 33. Qxf4 Nh5 34.
Re7+ Kg8 35. Qe5 Rf2 36. Re8+ Kf7 37. Qe7#
1-0

[Event "Vestlandsserien 2017-18 avd. nord"]
[Site "Hordaland"]
[Date "2017.12.03"]
[Round "2"]
[White "Larsen, Stig Børje"]
[Black "Riisem, Øyvind"]
[Result "0-1"]
[WhiteElo "1885"]
[BlackElo "2236"]
[PlyCount "68"]
[EventDate "2017.??.??"]

1. e4 c5 2. Nc3 Nc6 3. f4 e6 4. Nf3 d5 5. d3 Nf6 6. e5 Nd7 7. Be2 f6 8. exf6
Nxf6 9. O-O Bd6 10. Kh1 O-O 11. d4 Ng4 12. Ne5 Nh6 13. Nb5 Bb8 14. c4 a6 15.
Nc3 Nxd4 16. cxd5 exd5 17. Bd3 Bf5 18. Be3 Bxd3 19. Qxd3 Nhf5 20. Rae1 Bxe5 21.
fxe5 Qd7 22. Bxd4 Nxd4 23. Ne2 Rxf1+ 24. Rxf1 Nxe2 25. Qxe2 Re8 26. Qf3 b5 27.
h3 h6 28. Qe3 d4 29. Qe4 Qe6 30. Re1 Rd8 31. b3 c4 32. bxc4 bxc4 33. Rd1 Qd5
34. Qf4 d3
0-1

[Event "Vestlandsserien 2017-18 avd. nord"]
[Site "Hordaland"]
[Date "2017.12.03"]
[Round "2"]
[White "Martinsen, Stig K."]
[Black "Larsen, Tor Kristian"]
[Result "1-0"]
[WhiteElo "2214"]
[BlackElo "2019"]
[PlyCount "27"]
[EventDate "2017.??.??"]

1. d4 d5 2. c4 e5 3. dxe5 d4 4. a3 a5 5. Nf3 Nc6 6. e3 Bg4 7. exd4 Bxf3 8. Qxf3
Qxd4 9. e6 O-O-O 10. exf7 Ne5 11. Qf5+ Kb8 12. Nc3 Nxf7 13. Qxf7 Nf6 14. Qxc7+
1-0

[Event "Vestlandsserien 2017-18 avd. nord"]
[Site "Hordaland"]
[Date "2017.12.03"]
[Round "2"]
[White "Solli, Jarle"]
[Black "Moe-Nilssen, Nils Erik"]
[Result "0-1"]
[WhiteElo "1765"]
[BlackElo "2124"]
[PlyCount "66"]
[EventDate "2017.??.??"]

1. e4 c5 2. c3 d5 3. Nf3 dxe4 4. Qa4+ Bd7 5. Qxe4 Bc6 6. Qf4 Nd7 7. Bc4 Ngf6 8.
O-O b5 9. Bb3 Qb8 10. d4 e6 11. Re1 Bd6 12. Ne5 Qb7 13. Qg5 h6 14. Qg3 g5 15.
f3 Rg8 16. Qf2 g4 17. Nxc6 Bxh2+ 18. Kh1 Qxc6 19. Be3 Bc7 20. f4 g3 21. Qe2 c4
22. Bc2 Qd5 23. Nd2 Ng4 24. Nf3 Qh5+ 25. Kg1 Ndf6 26. f5 Nd5 27. fxe6 Ndxe3 28.
exf7+ Kxf7 29. Ne5+ Bxe5 30. Qf3+ Bf6 31. Rxe3 Qh2+ 32. Kf1 Nxe3+ 33. Qxe3 Rae8
0-1

[Event "Vestlandsserien 2017-18 avd. nord"]
[Site "Hordaland"]
[Date "2017.12.03"]
[Round "2"]
[White "Brattetveit, Kenneth"]
[Black "Rye, Karsten"]
[Result "1-0"]
[WhiteElo "1863"]
[BlackElo "1568"]
[PlyCount "63"]
[EventDate "2017.??.??"]

1. e4 Nf6 2. e5 Nd5 3. c4 Nb6 4. d4 d6 5. f4 g6 6. Be3 Bg7 7. Nc3 O-O 8. Nf3
Bg4 9. h3 Bxf3 10. Qxf3 c6 11. h4 e6 12. h5 f5 13. exf6 Bxf6 14. hxg6 hxg6 15.
Qg4 Kg7 16. Bd3 Qe8 17. O-O-O d5 18. c5 Nc4 19. Bxc4 dxc4 20. Rh3 Kf7 21. Rh7+
Bg7 22. Ne4 Kg8 23. Rdh1 Qf7 24. Ng5 Qf5 25. Nxe6 Rf7 26. Qh4 Qf6 27. Rxg7+
Qxg7 28. Nxg7 Rxg7 29. Qd8+ Kf7 30. Rh8 Ke6 31. Qg5 Kf7 32. f5
1-0

[Event "Vestlandsserien 2017-18 avd. nord"]
[Site "Hordaland"]
[Date "2018.01.14"]
[Round "3"]
[White "Berstad, Jørund"]
[Black "Ayzenberg, Alena"]
[Result "0-1"]
[WhiteElo "1812"]
[BlackElo "1919"]
[PlyCount "56"]
[EventDate "2017.??.??"]

1. e4 e6 2. d4 d5 3. exd5 exd5 4. Nf3 Bg4 5. Bd3 Qe7+ 6. Be3 Nc6 7. O-O O-O-O
8. c3 f6 9. b4 Nh6 10. Nbd2 Nf5 11. Re1 Qd6 12. Qc2 Nxe3 13. Rxe3 g6 14. h3 Bd7
15. Nb3 Bh6 16. Re2 Qf4 17. Nh2 Rde8 18. Rae1 Rxe2 19. Rxe2 Re8 20. Nc5 Rxe2
21. Bxe2 Qd2 22. Qd3 Qxd3 23. Bxd3 Bd2 24. Nxd7 Kxd7 25. Ng4 Ke6 26. b5 Na5 27.
Ne3 Bxc3 28. Nc2 c6
0-1

[Event "Vestlandsserien 2017-18 avd. nord"]
[Site "Hordaland"]
[Date "2018.01.14"]
[Round "3"]
[White "Birkestrand, Odd"]
[Black "Riisem, Øyvind"]
[Result "0-1"]
[WhiteElo "1645"]
[BlackElo "2236"]
[PlyCount "100"]
[EventDate "2017.??.??"]

1. e4 d6 2. d4 g6 3. Nc3 Bg7 4. f4 a6 5. Nf3 b5 6. a3 Bb7 7. Be2 Nd7 8. Bd2 c5
9. d5 Ngf6 10. b4 O-O 11. O-O cxb4 12. axb4 Qb6+ 13. Kh1 Ng4 14. Qe1 Ne3 15.
Bxe3 Qxe3 16. Ra3 Rfc8 17. Nb1 Qxe4 18. Ng5 Qd4 19. Rd3 Qf6 20. c3 Nb6 21. Ne4
Qf5 22. Ng3 Qd7 23. Bf3 Rc4 24. Qe3 Na4 25. Rc1 Rac8 26. Ne2 R4c7 27. Rc2 a5
28. Ra2 axb4 29. cxb4 Nb2 30. Rb3 Nc4 31. Qd3 e5 32. dxe6 Qxe6 33. Bxb7 Rxb7
34. h3 d5 35. Kh2 Rd8 36. Nd4 Qf6 37. Ne2 d4 38. Nd2 Qc6 39. Rc2 Rc7 40. Nf3
Qd5 41. Rb1 Re7 42. Ng3 Qd6 43. Re2 Rde8 44. Rbe1 Re3 45. Rxe3 Rxe3 46. Rxe3
Nxe3 47. Qxb5 Qxf4 48. Qe8+ Bf8 49. Qe5 Qxe5 50. Nxe5 Bd6
0-1

[Event "Vestlandsserien 2017-18 avd. nord"]
[Site "Hordaland"]
[Date "2018.01.14"]
[Round "3"]
[White "Mork, Ramona"]
[Black "Brekke, Tore"]
[Result "0-1"]
[WhiteElo "1717"]
[BlackElo "1990"]
[PlyCount "88"]
[EventDate "2017.??.??"]

1. e4 g6 2. g3 Bg7 3. Bg2 d6 4. d3 e5 5. Nc3 Ne7 6. Nf3 Nbc6 7. O-O O-O 8. Be3
f5 9. exf5 gxf5 10. Bg5 h6 11. Bh4 Qd7 12. Bxe7 Qxe7 13. Nh4 Qf7 14. Bd5 Be6
15. Bxe6 Qxe6 16. Nb5 Rac8 17. c3 f4 18. f3 fxg3 19. hxg3 Qh3 20. Qe1 Qe6 21.
Qe2 a6 22. Na3 Ne7 23. Nc4 Ng6 24. Nxg6 Qxg6 25. Kg2 Rce8 26. Qe4 Qe6 27. Qxb7
d5 28. Ne3 c6 29. Qb3 Qg6 30. Rad1 Bf6 31. Qa4 Bg5 32. Ng4 h5 33. Nh2 Bf4 34.
g4 Bxh2 35. Kxh2 Rf4 36. Qc2 hxg4 37. Qg2 Kg7 38. Kg1 Rh8 39. Rf2 g3 40. Re2
Rfh4 41. f4 Qg4 42. Rf1 Rh1+ 43. Qxh1 Rxh1+ 44. Kxh1 Qxe2
0-1

[Event "Vestlandsserien 2017-18 avd. nord"]
[Site "Hordaland"]
[Date "2018.01.14"]
[Round "3"]
[White "Grønnestad, Anita"]
[Black "Hersvik, Daniel"]
[Result "0-1"]
[WhiteElo "1962"]
[BlackElo "2222"]
[PlyCount "70"]
[EventDate "2017.??.??"]

1. c4 c6 2. Nf3 d5 3. e3 Nf6 4. b3 Bg4 5. Bb2 Nbd7 6. d4 e6 7. a3 Ne4 8. Be2 f5
9. Nbd2 Be7 10. O-O O-O 11. b4 a6 12. Rc1 Qe8 13. Ne5 Nxe5 14. dxe5 Bxe2 15.
Qxe2 a5 16. bxa5 Rxa5 17. Nb3 Ra4 18. f3 Ng5 19. cxd5 exd5 20. Nd4 Bxa3 21. Ra1
Qa8 22. h4 Nf7 23. Nxf5 Nxe5 24. Rxa3 Rxa3 25. Bxa3 Qxa3 26. g4 b5 27. h5 Nc4
28. e4 g6 29. hxg6 hxg6 30. Nh6+ Kg7 31. Qh2 Qe3+ 32. Kg2 Qe2+ 33. Rf2 Ne3+ 34.
Kg1 Qe1+ 35. Rf1 Qxf1#
0-1

[Event "Vestlandsserien 2017-18 avd. nord"]
[Site "Hordaland"]
[Date "2018.01.14"]
[Round "3"]
[White "Sørensen, Kristian"]
[Black "Haugsdal, Arn-Tore"]
[Result "1-0"]
[WhiteElo "2110"]
[BlackElo "2028"]
[PlyCount "51"]
[EventDate "2017.??.??"]

1. d4 Nf6 2. Nf3 c5 3. c3 d5 4. Bf4 Nc6 5. e3 Qb6 6. Qb3 c4 7. Qc2 Bg4 8. Nbd2
Nh5 9. Bg3 Nxg3 10. hxg3 g6 11. e4 e6 12. Nh2 f5 13. Nxg4 fxg4 14. Be2 h5 15.
Bxg4 Bh6 16. exd5 O-O-O 17. Bxe6+ Kb8 18. Nxc4 Qa6 19. Ne5 Rhe8 20. Qe2 Qxe2+
21. Kxe2 Nxe5 22. dxe5 Rxd5 23. Bxd5 Rxe5+ 24. Kf3 Rxd5 25. Rhd1 Rf5+ 26. Ke2
1-0

[Event "Vestlandsserien 2017-18 avd. nord"]
[Site "Hordaland"]
[Date "2018.01.14"]
[Round "3"]
[White "Hølleland, Sigve"]
[Black "Martinsen, Stig K."]
[Result "0-1"]
[WhiteElo "2067"]
[BlackElo "2214"]
[PlyCount "96"]
[EventDate "2017.??.??"]

1. c4 b6 2. e4 Bb7 3. Nc3 e6 4. a3 c5 5. Nf3 Nf6 6. e5 Ng4 7. h3 Nh6 8. d4 cxd4
9. Nxd4 Nc6 10. Bxh6 gxh6 11. Nf3 Qb8 12. Qd2 Nxe5 13. O-O-O Bc6 14. Nd4 Qb7
15. f4 Ng6 16. f5 Ne7 17. fxe6 dxe6 18. Ndb5 Nf5 19. Qf4 Rc8 20. Bd3 a6 21.
Bxf5 axb5 22. Qe5 Rg8 23. Bxe6 Qe7 24. Bxf7+ Kxf7 25. Qf5+ Qf6 26. Qxc8 Qxc3+
27. Kb1 Qxb2+ 28. Kxb2 Bg7+ 29. Kb3 bxc4+ 30. Kxc4 Rxc8 31. Rhf1+ Bf6 32. Kb4
Bxg2 33. Rf2 Bxh3 34. Rd6 Be6 35. Rxb6 h5 36. a4 h4 37. a5 h3 38. a6 Ra8 39.
Ka5 h5 40. Rb1 Kg6 41. Rg1+ Bg4 42. Rf4 Kg5 43. Rc4 Bd8+ 44. Kb5 Rb8+ 45. Ka4
Rb6 46. Rc5+ Kh4 47. Ra5 Bd7+ 48. Ka3 Be7+
0-1

[Event "Vestlandsserien 2017-18 avd. nord"]
[Site "Hordaland"]
[Date "2018.01.14"]
[Round "3"]
[White "Kvamme, Ole F."]
[Black "Agustsson, Hafsteinn"]
[Result "1-0"]
[WhiteElo "2038"]
[BlackElo "1893"]
[PlyCount "87"]
[EventDate "2017.??.??"]

1. c4 Nf6 2. g3 d5 3. cxd5 Nxd5 4. Nc3 c5 5. Nf3 Nc6 6. d4 e6 7. Bg2 Be7 8. O-O
O-O 9. Nxd5 exd5 10. Be3 c4 11. Ne5 Be6 12. Nxc6 bxc6 13. b3 cxb3 14. Qxb3 Qb6
15. Rab1 Rab8 16. Bf4 Qxb3 17. axb3 Rb7 18. Rfc1 Rc8 19. e4 dxe4 20. Bxe4 Rxb3
21. Rxb3 Bxb3 22. d5 g5 23. Be5 f6 24. Rxc6 Rd8 25. d6 fxe5 26. dxe7 Re8 27.
Rc7 Kf7 28. Rxa7 h6 29. Ra6 Be6 30. Bg6+ Kxg6 31. Rxe6+ Kf5 32. Rxh6 Rxe7 33.
h3 Rf7 34. Kg2 e4 35. Rb6 Re7 36. Rb5+ Kf6 37. Rb3 Re5 38. Kf1 Ra5 39. Rb8 Re5
40. Ke2 Kg6 41. Ke3 Re7 42. Rb6+ Kf5 43. g4+ Ke5 44. Rg6
1-0